000 00517nam a2200193Ia 4500
005 20250326142502.0
008 250326s9999 xx 000 0 und d
020 _a0-631-21102-0
037 _aTextbook
040 _aFMSL
_beng
_cFMSL
041 _aeng
_2eng
084 _aX:8 N9
_qFMSL
100 _aMarch James G
245 0 _aPursuit of organizational intelligence
_cMarch James G
260 _aUSA
_bUSA, Blackwell
_c1999
300 _aix,397
942 _cTB
_hX:8 N9
999 _c1295248
_d1295248